01407nam a2200337 a 4500001001100000003000800011006001900019007001500038008004100053010001700094020002800111040002100139035002100160050002400181082001700205100002700222245013300249246005800382260004700440300002400487490005900511504006600570533015200636650002200788650002500810655002900835710001700864830004800881856012500929999001501054ebr5007091CaPaEBRm u cr cn|||||||||990105s1999 ctua sb 001 0deng  z 99010657  z031326449X (alk. paper) aCaPaEBRcCaPaEBR a(OCoLC)17910998414aB127.N4bH86 1999eb04a181/.1122211 aHuang, Siu-chi,d1913-10aEssentials of Neo-Confucianismh[electronic resource] :beight major philosophers of the Song and Ming periods /cSiu-chi Huang.30aEight major philosophers of the Song and Ming periods aWestport, Conn. :bGreenwood Press,c1999. axii, 261 p. :bill.1 aResources in Asian philosophy and religion,x1073-1156 aIncludes bibliographical references (p. [241]-252) and index. aElectronic reproduction.bPalo Alto, Calif. :cebrary,d2013.nAvailable via World Wide Web.nAccess may be limited to ebrary affiliated libraries. 0aNeo-Confucianism. 0aPhilosopherszChina. 7aElectronic books.2local2 aebrary, Inc. 0aResources in Asian philosophy and religion.40uhttp://site.ebrary.com/lib/rucke/Doc?id=5007091zAn electronic book accessible through the World Wide Web; click to view c6323d6323